00546nam a2200205Ia 4500001000900000003000500009005001700014008004100031010001100072040000900083082001300092100003500105245008400140260003300224300000900257500000800266600000600274650003200280650002800312dia_2368CHAP20230614091036.0220117s1991 xx 000 0 und d a172890 cCHAP a658.3 B3 aBarriguete, Gilberto Francisco aHombre, Trabajo y Relaciones Industriales /c por Gilberto Francisco Barriguete aMéxico :b Alhambra,c1991 aS.p. aC/e a. a1.Relaciones industriales/  aTrabajo y trabajadores.